Statistics for Kylie Jenner Filmography

Click here to take the quiz!

General Stats

  • This quiz has been taken 19 times
    (11 since last reset)
  • The average score is 2 of 23

Answer Stats

TypeYearName% Correct
TV Show2007-PresentKeeping Up with the Kardashians
89%
TV Show2017Life of Kylie
44%
Music Video2020WAP
44%
Music Video2015Dope'd Up
11%
Music Video2020Stuck with U
11%
Film2018Ocean's 8
11%
Music Video2014Blue Ocean
11%
Music Video2016Come and See Me
11%
Music Video2015I'm Yours
0%
Documentary Series2020Justin Bieber: Seasons
0%
Music Video2018Stop Trying to Be God
0%
TV Show2012America's Next Top Model
0%
TV Show2015-2016I Am Cait
0%
TV Show2012Million Dollar Closets
0%
Music Video2013Find That Girl
0%
Music Video2015Stimulated
0%
TV Show2010, 2013Kourtney and Khloé Take Miami
0%
Music Video2014Recognize
0%
TV Show2014Ridiculousness
0%
TV Show2014Kourtney and Khloé Take The Hamptons
0%
Award Show20142014 Much Music Video Awards
0%
TV Show2014Deal with It
0%
TV Show2015Kingin' with Tyga
0%

Score Distribution

Percentile by Number Answered

Percent of People with Each Score

Your Score History

You have not taken this quiz since the last reset